00877cam a2200253 a 450000100100000000500170001000800410002704000300006808200240009824501060012225000120022826000670024030000210030749000140032849000310034250400410037365000120041465000230042665000370044965000220048660000250050870000440053383000460057700001557020200929164059.0790723s1978 ve b f000 0 spa  aDO-SdBNPbspacBNPHUdDLC a883.01bA717p, 197000aPoética :bAristóteles /cversión directa, introducción y notas de Juan David García Bacca. a2a. ed. aCaracas, Venezuela :bUniversidad Central de Venezuela,c1978. a165 p. ;c21 cm.1 aTemasv371 aEdiciones de la biblioteca aIncluye referencias bibliográficas 4aPoetica 4aRetórica antigua 4aPoeticaxColección de escritos 4aLiteratura griega14aARISTOTELEStPOETICA1 aGarcía Bacca, Juan David,d1901-1992. 0aTemas,pEdiciones de la biblioteca ;v37.